000
00310nam a2200109Ia 4500
008
200302s9999 xx 000 0 und d
100
_a
Christina M. Scalise
245
_a
Interior Planning and Design Project Programs Plans and Charettes
260
_b
Thomson Learning, Inc.,
260
_c
2004
300
_a
338 P.,
999
_c
3104
_d
3104